01773cam a2200349 a 450000100060000000300060000600500170001200800410002901000130007002000150008302000180009803500200011604001180013605000210025408000140027508200190028924500560030825000120036426000550037630000350043150001110046650400680057750504070064565000360105265300290108865500240111770000240114170000640116594200120122999900170124195201650125813338OCoLC20250911115133.0900102s1990 txua b 001 0 eng  a89071748 a0030228093 a9780030228094 a(OCoLC)20933543 aDLCbengcDLCdBAKERdNLGGCdBTCTAdYDXCPdZWZdDEBBGdBDXdGBVCPdOCLCOdOCLCFdOCLCQdFC@dUKBTHdOCLCOdBSULIB00aBF353b.E58 19900 a159.937.400a155.9220bENV00aEnvironmental psychology /cPaul A. Bell.. [et al.] a3rd ed. aFort Worth :bHolt, Rinehart, and Winston;c1990.  aix, 637 pages :bill. ;c25 cm aRevised edition of: Environmental psychology / Jeffrey D. Fisher, Paul A. Bell, Andrew Baum. 2nd ed. c1984 aIncludes bibliographical references (pages 529-586) and indexes a--Why study environmental psychology --What is environmental psychology? (Definitions and characteristics of environmental psychology)--How is research in environmental psychology done? (Research methods in environmental psychology --Data collection methods --Ethical considerations in environmental research) --Preview of the content areas of environmental psychology --Summary --Suggested projects  0aEnvironmental psychology925906 0aEnvironmental psychology 4aEinführung9258961 aBell, Paul A9259071 aFisher, Jeffrey D.,d1949-tEnvironmental psychology925908 2ddccBK c13338d13338 00102ddc4070absubbsucRBSd2025-09-11eDonationi8655l0o155.9 ENVpbsu25090306r2025-09-11 11:52:19t001w2025-09-11yBKzMaterial available in hard copy